Normal view
MARC view
- تأليف الكركي، خالد
Entry Personal Name
001 - CONTROL NUMBER
- control field: 35006
003 - CONTROL NUMBER IDENTIFIER
- control field: JO-AjAnu
005 - DATE AND TIME OF LATEST TRANSACTION
- control field: 20230606075846.0
008 - FIXED-LENGTH DATA ELEMENTS
- fixed length control field: 230606|| aca||aabn | a|a d
040 ## - CATALOGING SOURCE
- Original cataloging agency: JO-AjAnu
- Transcribing agency: JO-AjAnu
100 ## - HEADING--PERSONAL NAME
- Personal name: تأليف الكركي، خالد
670 ## - SOURCE DATA FOUND
- Source citation: Work cat.: (JO-AjAnu)17977: تأليف الكركي، خالد, author, طه حسين روائيا